Les Survivants dans Dead by Daylight - Statistiques

Statistiques générales
  • Ce quiz a été pris 173 fois
    11 depuis la dernière actualisation
  • Le résultat moyen est 48 sur 101
Statistiques - réponses
Indice
Survivant % Correct
Elle fait partie des premiers survivants Claudette Morel
90%
Il aime le rugby, la bagarre et les mecs David King
90%
Il enquêtait sur une série de meurtres mis en scène dans des films David Tapp
90%
Il fait partie des premiers survivants Dwight Fairfield
90%
Une transfuge de Raccoon City Jill Valentine
90%
Elle fait partie des premiers survivants Meg Thomas
90%
La coiffure so 80's ! Steve Harrington
90%
Laissé pour mort Bill Overbeck
80%
Il compte sur sa chance naturelle Ace Visconti
80%
Un petit génie des années 80 Dustin Henderson
80%
Une joueuse de jeux vidéo professionnelle Feng Min
80%
Il fait partie des premiers survivants Jake Park
80%
Elle a été la toute première survivante issue d'une licence extérieure au jeu Laurie Strode
80%
Une productrice de musique Lee Yun-Jin
80%
BONUS : costume du précédent survivant, de la même licence Leon Belmont
80%
Une télépathe des années 80 Onze
80%
Celle qui a le plus de style ! Sable Ward
80%
Pour le peuple ! Zarina Kassir
80%
Aussi connue sous le nom de Heather dans sa licence originale Cheryl Mason
70%
BONUS : costume du précédent survivant, de la même licence Chris Redfield
70%
BONUS : costume de la précédente survivante, de la même licence Claire Redfield
70%
Une chanteuse de country Kate Denson
70%
Un transfuge de Raccoon City Leon Kennedy
70%
Elle combat les zombies Michonne Grimes
70%
C'est avec elle que sont apparues les compétences de Bénédiction Mikaela Reid
70%
Une adolescente des années 80 Nancy Wheeler
70%
Le seul personnage du jeu qui existe dans la vraie vie ! Nicolas Cage
70%
...Et il est son frère Renato Lyra
70%
Il combat les zombies Rick Grimes
70%
Elle est sa sœur... Thalita Lyra
70%
Il a possédé une cassette vidéo maudite Yoichi Asakawa
70%
Il est originaire de la Jamaïque Adam Francis
60%
L'espionne en robe rouge Ada Wong
60%
BONUS : costume du précédent survivant, de la même licence Eddie Munson
60%
Elle lutte contre les aliens Ellen Ripley
60%
Il nous vient d'Allemagne Felix Richter
60%
Elle porte le nom de famille d'un célèbre réalisateur de films d'horreur Jane Romero
60%
BONUS : costume du précédent survivant, de la même licence Jonathan Byers
60%
Il a créé une version IA féminine de l'un des tueurs Kwon Tae-Young
60%
Une légende du jeu vidéo Lara Croft
60%
Elle a été le tout premier personnage de DLC Nea Karlsson
60%
Son pire ennemi est le cauchemar Quentin Smith
60%
BONUS : costume de la précédente survivante, de la même licence Robin Buckley
60%
Un chasseur de vampires de génération en génération Trevor Belmont
60%
Elle nous vient de la Thaïlande Vee Boonyasak
60%
La bikeuse du groupe Yui Kimura
60%
Un écrivain de Bright Falls Alan Wake
50%
Groovy ! Ash Williams
50%
Elle est franco-malgache Élodie Rakoto
50%
BONUS : costume du précédent survivant, de la licence Attack on Titan Eren Jäger
50%
Elle a la capacité de voir les morts Haddie Kaur
50%
Un homme simple, doté d'un fort penchant pour la bière faite maison et le heavy metal Jeff Johansen
50%
Un agent de la CIA Jonah Vasquez
50%
La première survivante transgenre Orela Rose
50%
Une infirmière de terrain expérimentée Rebecca Chambers
50%
BONUS : costume du précédent survivant, de la même licence Simon Belmont
50%
Il est né au XIVe siècle Vittorio Toscano
50%
BONUS : costume du précédent survivant, de la même licence Daryl Dixon
40%
Il vit sur une planète extraterrestre Gabriel Soma
40%
BONUS : costume du précédent survivant, de la licence The Witcher Geralt de Rive
40%
BONUS : costume du précédent survivant, de la licence Attack on Titan Livaï Ackerman
40%
BONUS : costume de la précédente survivante, de la même licence Maria
40%
BONUS : costume du précédent survivant, de la même licence Richter Belmont
40%
BONUS : costume de la précédente survivante, de la licence Attack on Titan Sasha Braus
40%
BONUS : costume du précédent survivant, de la même licence Alucard
30%
BONUS : costume de la précédente survivante, de la licence Attack on Titan Annie Leonhart
30%
BONUS : costume du précédent survivant, de la franchise Attack on Titan Armin Arlert
30%
BONUS : costume du précédent survivant, de la même licence Carlos Oliveira
30%
BONUS : costume du précédent survivant, de la licence The Witcher Ciri de Cintra
30%
BONUS : costume de la précédente survivante, de la licence Attack on Titan Hansi Zoë
30%
BONUS : costume de la précédente survivante, de la licence Attack on Titan Historia Reiss
30%
BONUS : costume de la précédente survivante, de la même licence James Sunderland
30%
BONUS : costume du précédent survivant, de la licence Attack on Titan Kenny Ackerman
30%
BONUS : costume de la précédente survivante, de la même licence Maggie Greene
30%
BONUS : costume de la précédente survivante, de la licence Attack on Titan Mikasa Ackerman
30%
BONUS : costume de la précédente survivante, de la même licence Sheva Alomar
30%
Elle faisait partie de la secte qui vénérait l'Entité Taurie Cain
30%
Première partie de la Troupe Aestri Yazar
20%
Seconde partie de la Troupe Baermar Uraz
20%
BONUS : costume de la précédente survivante, de la licence Tokyo Ghoul Eto Yoshimura
20%
BONUS : costume de la précédente survivante, de la même licence Lisa Garland
20%
BONUS : costume de la précédente survivante, de la même licence Rain Carradine
20%
BONUS : costume du précédent survivant, de la même licence Soma Cruz
20%
BONUS : costume de la précédente survivante, de la même licence Alessa Gillespie
10%
BONUS : costume du précédent survivant, de la licence Rainbow Six Blitz
10%
BONUS : costume de la précédente survivante, de la même licence Cybil Bennett
10%
BONUS : costume du précédent survivant, de la licence Tokyo Ghoul Hide Nagashika
10%
BONUS : costume de la précédente survivante, de la licence Nyaight of the Living Cat Kaoru
10%
BONUS : costume de la précédente survivante, de la licence Darkest Dungeon La Furie
10%
BONUS : costume du précédent survivant, de la licence Darkest Dungeon Le Bandit
10%
BONUS : costume de la précédente survivante, de la licence Darkest Dungeon Le Médecin de Peste
10%
BONUS : costume du précédent survivant, de la même licence Rose Marigold
10%
BONUS : costume du précédent survivant, de la même licence Saga Anderson
10%
BONUS : costume du précédent survivant, de la licence The Witcher Triss Merigold
10%
BONUS : costume de la précédente survivante, de la licence Junji Itō Tsukiko Izumisawa
10%
BONUS : costume du précédent survivant, de la licence Rainbow Six Tubarão
10%
BONUS : costume du précédent survivant, de la licence Rainbow Six Wamai
10%
BONUS : costume de la précédente survivante, de la même licence William Hudson
10%
BONUS : costume de la précédente survivante, de la licence The Witcher Yennefer de Vangerberg
10%
BONUS : costume du précédent survivant, de la licence Darkest Dungeon Le Lépreux
0%
BONUS : costume de la précédente survivante, de la licence Junji Itō Terumi Fujino
0%
Aucun quiz correspondant
Distribution des résultats
% des personnes avec chaque résultat
Percentile par nombre de réponses
Votre historique - résultats
Vous n’avez pas pris ce quiz depuis la dernière actualisation